Pracovní adaptace v obchodě

Enregistré dans:
Détails bibliographiques
Auteur principal: Mareš, Zbyněk
Autres auteurs: Motlová, Dita
Format: Livre
Langue:tchèque
Publié: Praha Výzkumný ústav obchodu 1980
Collection:Knižnice VÚO 125
Tags: Ajouter un tag
Pas de tags, Soyez le premier à ajouter un tag!

MARC

LEADER 00000nam a2200000 4500
001 c140270
005 20251110133930.3
041 0 |a cze 
044 |a CZ 
245 1 0 |a Pracovní adaptace v obchodě  |c Zbyněk Mareš, Dita Motlová 
264 1 |a Praha  |b Výzkumný ústav obchodu  |c 1980 
300 |a 59 s. 
490 1 |a Knižnice VÚO  |v 125 
830 0 |a Knižnice VÚO  |v 125 
100 1 |a Mareš, Zbyněk 
700 1 |a Motlová, Dita